Score 0/20 Timer 04:00
4 Plays Today
Question Answer Wrong Answers
Which character said “My precious”? Gollum
95.5%
Pippen
0.8%
Lurtz
1.1%
Sauron
0.8%
Which character said “I see dead people”? Cole Sear
95.3%
Malcolm Crowe
1.1%
Lynn Sear
0.3%
Vincent Grey
1.4%
Which character said “You talkin' to me”? Travis Bickle
91.1%
Iris
2.4%
Betsy
1%
Tom
3.6%
Which character said “Frankly, my dear, I don't give a damn”? Rhett Butler
90.3%
Scarlett O'Hara
4%
Mammy
2.5%
Melanie Hamilton
1.3%
Which character said “Houston, we have a problem”? Jim Lovell
85.8%
Jack Swigert
3.9%
Ken Mattingly
3.6%
Gene Kranz
4.8%
Which character said “You can't handle the truth”? Nathan Jessup
85%
Daniel Kaffee
9.5%
Jack Ross
2.1%
James Kendrick
1.6%
Which character said “There's no crying in baseball”? Jimmy Dugan
82.7%
Kit Keller
2.7%
Dottie Hinson
5.4%
Ernie Capadino
7.3%
Which character said “I love the smell of napalm in the morning”? Bill Kilgore
78.4%
Walter Kurt
6%
Benjamin Willard
9.7%
Mr. Clean
3.9%
Which character said “Greed, for lack of a better word, is good”? Gordon Gekko
78.3%
Bud Fox
10.5%
Darien Taylor
1.2%
Carl Fox
7.9%
Which character said “Nobody puts Baby in a corner”? Johnny Castle
76.4%
Baby
16%
Dr. Houseman
3.4%
Max Kellerman
2.3%
Which character said “I'll have what she's having”? Restaurant Woman
76.1%
Sally Albright
3.9%
Harry Burns
16.4%
Marie Fisher
1.7%
Which character said “Whatever doesn't kill you simply makes you stranger”? The Joker
75.8%
Two-Face
15.8%
Bruce Wayne
3.9%
James Gordon
2.6%
Which character said “You had me at hello”? Dorothy Boyd
74.4%
Jerry Maguire
9.8%
Rod Tidwell
2.1%
Avery Bishop
11.7%
Which character said “We rob banks”? Clyde Barrow
67.9%
C.W. Moss
14.1%
Buck Barrow
9.7%
Blanche Barrow
6.1%
Which character said “Attica! Attica!”? Sonny Wortzik
65.1%
Sal Naturale
13.6%
Eugene Moretti
6.8%
Leon Shermer
12.3%
Which character said “I drink your milkshake”? Daniel Plainview
61.8%
Henry
17.4%
Eli Sunday
9.1%
Fletcher Hamilton
9.5%
Which character said “Isn't that convenient for you. And the clock”? White Goodman
57.1%
Patches O'Houlihan
14.2%
Peter LaFleur
22.4%
Steve the Pirate
4.1%
Which character said “Snap out of it!”? Loretta Castorini
53.2%
Ronny Cammareri
16.2%
Rose Castorini
12.8%
Johnny Cammareri
15.6%
Which character said “Leave the gun. Take the cannoli”? Clemenza
46.1%
Don Vito Corleone
34.2%
Tom Hagen
8.3%
Michael Corleone
9.4%
Which character said “This is war! This is not a game of cricket!”? Colonel Saito
30.1%
Commander Shears
12.7%
Colonel Nicholson
36.7%
Major Clipton
18.3%
Remove Ads.
Support Sporcle.
Get the best of Sporcle when you Go Orange. This ad-free experience offers more features, more stats, and more fun while also helping to support Sporcle. Thank you for becoming a member.

You're not logged in!

Compare scores with friends on all Sporcle quizzes.
OR
Log In

Show Comments

Extras

Top Quizzes Today


Score Distribution

Your Account Isn't Verified!

In order to create a playlist on Sporcle, you need to verify the email address you used during registration. Go to your Sporcle Settings to finish the process.

Report this User

Report this user for behavior that violates our Community Guidelines.

Details: